| 000 | 00663nam a22001937a 4500 | ||
|---|---|---|---|
| 003 | OSt | ||
| 005 | 20260617151220.0 | ||
| 008 | 260617b |||||||| |||| 00| 0 eng d | ||
| 020 | _a9781416603320 | ||
| 040 | _cChuka University Library | ||
| 050 |
_aLB 2805 _b.R4 2006 |
||
| 100 |
_aReeves, Douglas B _929821 |
||
| 245 |
_aThe Learning Leader _bHow to Focus School Improvement for Better Results |
||
| 300 |
_axxv 221 pages _bIllustrated includes indexes |
||
| 650 |
_aEducational leadership-united states _927697 |
||
| 650 |
_aEducational accountability-united states _929822 |
||
| 650 |
_aSchool improvement programs-united states _928059 |
||
| 942 |
_2lcc _cBK _n0 |
||
| 999 |
_c24599 _d24599 |
||